000 01036nam a2200241Ia 4500
003 Ost
005 20260507075250.0
008 260507s9999||||xx |||||||||||||| ||und||
020 _a33797199539
040 _cfsecg
041 _aara
082 _a330
100 _aريفكن، جيرمي
_eمؤلف
245 0 _aاقتصاد الهيدروجين بعد نهاية النفط :
_bالثورة الاقتصادية الجديدة /
_c جيرمي ريفكن
260 _aبيروت:
_bدار الفارابي,
_c2009
300 _a439 صفحة؛
_c23 سم
504 _aمراجع ص.321 ؛ فهرس المصطلحات ص.431
520 _aالطاقة وصعود الحضارات وانحطاطها- عصر الوقود الأحفوري- الجوكر الإسلامي- الطامة الكبرى- تهديدات في الأفق-فجر اقتصاد الهيدروجين- عولمة بديلة.
653 _aالإقتصاد
653 _aالنفط
700 _aكنج، ماجد
_eمؤلف ثانوي
942 _cكتاب
999 _c43687
_d43687